Arthur Characters Quiz Stats

 Plays Quiz Updated Jun 25, 2014

Support Sporcle.
Go Orange.
Score 0/7 Timer 01:30
2 Plays Today
% Correct
Arthur
95.2%
D.W.
82.1%
Buster
75.2%
Francine
68.3%
The Brain
66.1%
Muffy
63.1%
Binky
58.7%

You're not logged in!

Compare scores with friends on all Sporcle quizzes.
OR
Log In

From the Vault

Companies Missing a Letter

by bhenderson79

We'd love to see what these new companies would sell.
Remove Ads.
Support Sporcle.
Get the best of Sporcle when you Go Orange. This ad-free experience offers more features, more stats, and more fun while also helping to support Sporcle. Thank you for becoming a member.

Show Comments

Extras

Top Quizzes Today


Score Distribution

Your Account Isn't Verified!

In order to create a playlist on Sporcle, you need to verify the email address you used during registration. Go to your Sporcle Settings to finish the process.

Report this User

Report this user for behavior that violates our Community Guidelines.

Details: